El niño que enloqueció de amor
שמור ב:
| מחבר ראשי: | |
|---|---|
| פורמט: | ספר |
| שפה: | ספרדית |
| יצא לאור: |
Santiago
Nascimento
1979
|
| סדרה: | Biblioteca Popular Nascimento
|
| נושאים: | |
| תגים: |
הוספת תג
אין תגיות, היה/י הראשונ/ה לתייג את הרשומה!
|
MARC
| LEADER | 00000nam a2200000 a 4500 | ||
|---|---|---|---|
| 001 | UCX4209 | ||
| 003 | CL-VaPUC | ||
| 008 | 920325e19790000CL |||||||||||||||||spa|d | ||
| 082 | 0 | 4 | |a Ch863 |b BAR |2 21 |
| 100 | 0 | |a Barrios, Eduardo |e author |9 320343 | |
| 245 | 1 | 3 | |a El niño que enloqueció de amor |
| 300 | |a 119 p | ||
| 942 | |c BK | ||
| 945 | |d 19920325 00:00:00 | ||
| 260 | |a Santiago |b Nascimento |c 1979 | ||
| 500 | |a Elogios sentimentales que los poetas escribieron al niño que enloquecio de amor. Pobre feo | ||
| 650 | 0 | |a Novelas chilenas |9 265425 | |
| 583 | |a last modification |c 19920325 00:00:00 |k Rodrigo Vera | ||
| 490 | 0 | |a Biblioteca Popular Nascimento | |
| 999 | |c 224744 |d 224742 | ||
| 952 | |0 0 |1 0 |4 0 |6 CH_863_000000000000000_BAR_1979 |7 0 |8 A |9 221668 |a BIBEDU |b BIBEDU |d 2019-11-15 |i 2904748 |o Ch863 BAR 1979 |p 2904748 |r 2019-11-15 |w 2019-11-15 |y BK |k LIT | ||